000 01337nam a22003617a 4500
001 BR8301314
003 BR-BrBNA
005 20230928091616.0
007 ta
008 230509b bl.||||| |||| 00| 0 por d
040 _aBR-BrBNA
_bpor
_cBiblioteca Nacional de Agricultura
041 _a(Por)
072 _aF25; F60
_b0120
_b3830
_b/G514
090 _ 0120 BR8301314
100 1 _aCastilhos, D.D.
110 1 _aUniversidade Federal do Rio Grande do Sul, Porto Alegre (Brasil). Faculdade de Agronomia
_0Dissertacao (Mestrado)
245 1 _aEficiencia na utilizacao de fosforo pelo milho em relacao ao metodo de aplicacao de fertilizante [Zea mays, latossolo distrofico, Rio Grande do Sul, Brasil]
246 1 _aEfficiency of phosphate utilization by corn as affected by fertilizer placement [Zea mays, Typic haplohumox, Rio Grande do Sul, Brazil]
260 3 _aPorto Alegre, RS (Brasil):
_c1982.
300 _a106 p.
500 _a29 tables; 7 graphs; Bibliography p. 69-76 (78 ref.); Summaries (Eng, Por)
650 _aFERTILIZANTE FOSFATADO
650 _aFIXACAO DE FOSFORO
650 _aEFEITO RESIDUAL
650 _aRENDIMENTO
650 _aMILHO
650 _aRAIZ
650 _aMATERIA SECA
650 _aCRESCIMENTO
650 _aRIO GRANDE DO SUL
909 _a202309
_bLucia
_c55
_dLucia Elande
942 _cBK
999 _c34636
_d34636